LIBRARY & INFORMATION CENTRE, KCAET, TAVANUR

ONLINE PUBLIC ACCESS CATALOGUE (OPAC)

Database management system of agro - based industries of Thrissur district (Record no. 15241)

MARC details
000 -LEADER
fixed length control field 00726nam a22001937a 4500
003 - CONTROL NUMBER IDENTIFIER
control field OSt
088 ## - REPORT NUMBER
Report number P 92
100 ## - MAIN ENTRY--AUTHOR NAME
Personal name MANOJKUMAR K
245 ## - TITLE STATEMENT
Title Database management system of agro - based industries of Thrissur district
260 ## - PUBLICATION, DISTRIBUTION, ETC. (IMPRINT)
Place of publication Tavanur 1999
Name of publisher Department of Post-Harvest Technology and Agricultural Processing
300 ## - PHYSICAL DESCRIPTION
Number of Pages 25
500 ## - GENERAL NOTE
General note Database management system of agro - based industries of Thrissur district
520 ## - SUMMARY, ETC.
Summary, etc Database management system of agro - based industries of Thrissur district
700 ## - ADDED ENTRY--PERSONAL NAME
Personal name Pramod A. P
700 ## - ADDED ENTRY--PERSONAL NAME
Personal name Dr. V. Ganesan (Guide)
856 ## - ELECTRONIC LOCATION AND ACCESS
Uniform Resource Identifier https://drive.google.com/open?id=17FUQXpahdzyu7p2YLIDaR9rdYXt_j3Av
942 ## - ADDED ENTRY ELEMENTS (KOHA)
Koha item type Project Report
Holdings
Collection code Home library Current library Shelving location Full call number Accession Number Koha item type
Reference KAUAET KAUAET Reference 631.56 MAN/DA P 92 Project Report
free website counter